000 00309nam a22001457a 4500
008 210312b ||||| |||| 00| 0 eng d
020 _a0935742123
041 _aeng
080 _a070
082 _a070
100 _a39
101 _aMED
245 _aBest NewsPaper Writing 1986
_cFry,D
942 _2udc
_cBK
999 _c56537
_d56537